His latest flame / Jeff Parker, writer ; Juan ... Read More
Available copies
- 1 of 1 copy available at LARL/NWRL Consortium.
- 1 of 1 copy available at Lake Agassiz Regional Library. (Show preferred library)
Current holds
0 current holds with 1 total copy.
Show Only Available Copies
| Location | Call Number / Copy Notes | Barcode | Shelving Location | Status | Due Date |
|---|---|---|---|---|---|
| Moorhead Public Library | J G PAR (Text) | 33500009514001 | Main | Available | - |
Record details
- ISBN: 1599612011
- ISBN: 9781599612010
- Physical Description: 1 v. (unpaged) : col. ill. ; 27 cm.
- Edition: Spotlight library bound ed.
- Publisher: Edina, Minnesota : Spotlight : c2007.
Content descriptions
| General Note: | "Marvel age"--Cover. |
Search for related items by subject
| Subject: | Fantastic Four (Fictitious characters) > Juvenile fiction. Fantastic Four (Fictitious characters) > Fiction. |
| Genre: | Comic books, strips, etc. Graphic novels. |
Search for related items by series
| LDR | 01264cam a2200349Ia 4500 | ||
|---|---|---|---|
| 001 | 88554 | ||
| 003 | LARL_NWRL_CONSORTIUM | ||
| 005 | 20080212105031.0 | ||
| 008 | 061112s2007 mnua j 000 1 eng d | ||
| 019 | . | ‡a75808537 | |
| 020 | . | ‡a1599612011 | |
| 020 | . | ‡a9781599612010 | |
| 035 | . | ‡a(OCoLC)75808536 ‡z(OCoLC)75808537 | |
| 100 | 1 | . | ‡aParker, Jeff. ‡0(LARL_NWRL_CONSORTIUM)181654 |
| 245 | 1 | 0. | ‡aHis latest flame / ‡cJeff Parker, writer ; Juan Santacruz, pencils ; Raul Fernandez, inks. |
| 246 | 3 | . | ‡aFantastic four. ‡pHis latest flame |
| 250 | . | ‡aSpotlight library bound ed. | |
| 260 | . | ‡aEdina, Minnesota : ‡bSpotlight : ‡bABDO Publishing, ‡cc2007. | |
| 300 | . | ‡a1 v. (unpaged) : ‡bcol. ill. ; ‡c27 cm. | |
| 490 | 0 | . | ‡aFantastic Four |
| 500 | . | ‡a"Marvel age"--Cover. | |
| 650 | 0. | ‡aFantastic Four (Fictitious characters) ‡vJuvenile fiction. | |
| 655 | 0. | ‡aComic books, strips, etc. | |
| 650 | 1. | ‡aFantastic Four (Fictitious characters) ‡vFiction. | |
| 655 | 0. | ‡aGraphic novels. | |
| 700 | 1 | . | ‡aSantacruz, Juan. ‡0(LARL_NWRL_CONSORTIUM)196721 |
| 700 | 1 | . | ‡aFernández, Raúl. ‡0(LARL_NWRL_CONSORTIUM)99991 |
| 901 | . | ‡a88554 ‡bOCLC ‡c88554 ‡tbiblio | |

Add to basket
Permalink
Disable Highlighting